000 01728nam a22002537a 4500
999 _c62586
_d62586
003 Ge_BSU
005 20241212113442.0
008 241212s2024 ge ||||| |||| 00| 0 geo d
020 _a9789941870019
041 _ageo
080 _a911.52(479.223) ჩ-59
100 _aჩიკვაიძე, რევაზ
_923949
245 _aქედის მუნიციპალიტეტი :
_bქედის მუნიციპალიტეტის ფიზიკურ-გეოგრაფიული და ეკონომიკურ-გეოგრაფიული გამოკვლევა : [მონოგრაფია] /
_cრევაზ ჩიკვაიძე ; რედაქტორები: ნ. ჯიბუტი, ზ. სეფერთელაძე.
264 _aბათუმი :
_bბეტა პრინტი,
_c2024.
300 _a172 გვ. :
_bფოტ., 1. ფ. დაკეც. რუკა ;
_c19 სმ.
500 _aწიგნი ეძღვნება შორეული ნაოსნობის უფროს მექანიკოსის, თეიმურაზ თურმანიძის ხსოვნას.
504 _a ბიბლიოგრაფია: გვ. 166-170.
653 _aქედა
653 _aფიზიკურ-გეოგრაფიული და ეკონომიკურ-გეოგრაფიული გამოკვლევა
700 _aჯიბუტი, ნ.
_eრედაქტორი
_923950
700 _aსეფერთელაძე, ზ.
_eრედაქტორი
_923951
773 _tნაჩუქარი
942 _2udc
_cᲬᲘᲒᲜᲘ